| 000 | 00747nam a22002292 4500 | ||
|---|---|---|---|
| 001 | 0000001899 | ||
| 005 | 20151217155814.0 | ||
| 008 | 070329s xx 000 0 eng d | ||
| 020 |
_a0435080830 : _cKES 2,480 |
||
| 040 |
_aKABU _cKABU |
||
| 050 | 0 |
_aBL2462.5 _b.R45 |
|
| 245 | 1 | 0 |
_aReligion in Africa : _bexperiences and expression / _ced. by Thomas D. Blakely, Dennis L. Thomson. |
| 260 |
_aLondon : _bJ. Currey, _c1994. |
||
| 300 | _axvi, 512 p. | ||
| 651 | 0 |
_aAfrica, Sub-Saharan _xReligion. _@0000150985 |
|
| 700 | 1 |
_aBlakely, Thomas D. _@0000150986 |
|
| 700 | 1 |
_aBeek, Walter van. _@0000150987 |
|
| 700 | 1 |
_aThomson, Dennis L. _@0000150988 |
|
| 908 | _a070329 | ||
| 950 | _@1 | ||
| 999 |
_c12667 _d12667 |
||